Postavenie žien v pracovnom procese

Rovnosť pracovných príležitostí pre mužov a ženy ako hlavná priorita každého štátu. Účasť žien v rozhodovacom procese na Slovensku. Postavenie žien v riadiacich funkciách na Trenčianskej univerzite Alexandra Dubčeka .

Gespeichert in:
Bibliographische Detailangaben
1. Verfasser: Petrušová, Dagmar
Format: Buchkapitel
Sprache:Slowakisch
Schlagworte:
Tags: Tag hinzufügen
Keine Tags, Fügen Sie das erste Tag hinzu!

MARC

LEADER 00000naa$a2200000$$$4500
001 0018866
005 20231106081655.1
041 0 |a slo 
044 |a SK 
245 1 0 |a Postavenie žien v pracovnom procese  |c Dagmar Petrušová 
520 |a Rovnosť pracovných príležitostí pre mužov a ženy ako hlavná priorita každého štátu. Účasť žien v rozhodovacom procese na Slovensku. Postavenie žien v riadiacich funkciách na Trenčianskej univerzite Alexandra Dubčeka . 
610 2 0 |a rovnoprávnosť 
610 2 0 |a ženy 
610 2 0 |a muži 
610 2 0 |a príležitosť pracovná 
610 2 0 |a proces pracovný 
610 2 0 |a Slovensko 
100 1 |a Petrušová, Dagmar